| 000 | 00731nam a22001935i 4500 | ||
|---|---|---|---|
| 001 | 167209 | ||
| 003 | ES-MaACL | ||
| 005 | 20250912063054.0 | ||
| 008 | 990903s1887 sp |||| | spa d | ||
| 040 |
_aCCPB | B _bspa _cCCPB | B |
||
| 100 | 1 |
_aVera, Vicente, _d1855-1934 _9113953 |
|
| 245 | 1 | 0 |
_aReconocimiento de la pureza de los alcoholes y aguardientes / _cpor Vicente de Vera y López. |
| 260 |
_aMadrid : _bHijos de J. Cuesta, editores, _c1887. |
||
| 300 |
_a20 p. ; _c20 cm. |
||
| 650 | 4 |
_aBebidas alcohólicas. _9135679 |
|
| 650 | 0 | 4 |
_aAguardientes. _99697 |
| 852 |
_aES-MaACL _jT-676-F-8 _z-- Enc. hol. _z-- An. ms.: ded. del autor a Manuel Saenz Diez _z-- Enc. en un vol. facticio |
||
| 999 |
_c167209 _d167209 |
||